All-Time New Orleans Saints Players By College - Statistics

General Stats
  • This quiz has been taken 26 times
  • The average score is 8 of 15
Answer Stats
Hint Answer % Correct
Drew Brees Purdue
100%
Chris Olave Ohio State
96%
Alvin Kamara Tennessee
96%
Derek Carr Fresno State
78%
C.J. Gardner-Johnson Florida
74%
Jimmy Graham Miami
70%
Cameron Jordan California
52%
Morten Andersen Michigan State
39%
Deuce McAllister Ole Miss
39%
Jared Cook South Carolina
39%
Emmanuel Sanders SMU
35%
Demario Davis Arkansas State
30%
Marcus Davenport UTSA
30%
La'Roi Glover San Diego State
22%
Carl Granderson Wyoming
17%
No matching quizzes found
Score Distribution
Percent of People with Each Score
Percentile by Number Answered
Your Score History
You have not taken this quiz